000 00617nam a2200217Ia 4500
005 20250508152000.0
008 008 250505s9999 xx 000 0 eng d
037 _aTextBook
040 _aFEDL
_beng
_cFEDL
041 _aeng
_2eng
084 _a001.422, THO
_qFEDL
100 _aThomson Godfrey
245 0 _aFactorial analysis of human ability
250 _a5
260 _aLondon, UK
_bUniversity of London Press Limited
_c1951
300 _axv,383p.
365 _aINR
_b16.1
650 _aStatistics-Education; Psychology
_9760523
942 _cTB
_h001.422, THO
999 _c1333375
_d1333375